La imagen digital: de la tecnología a la estética

Zapisane w:
Opis bibliograficzny
1. autor: Jullier, Laurent (Autor)
Format: Książka
Język:hiszpański
Wydane: Buenos Aires La Marca 2004
Hasła przedmiotowe:
Etykiety: Dodaj etykietę
Nie ma etykietki, Dołącz pierwszą etykiete!

MARC

LEADER 00000cam a2200000 a 4500
001 UCF3319
003 CL-VaPUC
008 121004e20040000AG |||||||||||||||||spa|d
020 |a 9508890630 
082 0 4 |a 621.367  |b JUL  |2 21 
100 0 |a Jullier, Laurent  |e author  |9 565245 
245 1 3 |a La imagen digital: de la tecnología a la estética 
300 |a 138 p 
942 |c BK 
945 |d 20121004 00:00:00  |a dcastane 
260 |a Buenos Aires  |b La Marca  |c 2004 
650 7 |a IMAGEN DIGITAL  |2 CL-VaPUC  |9 495755 
650 0 |a Percepción   |9 266750 
650 0 |a Percepción visual  |9 267039 
650 0 |a Visión  |9 269056 
650 0 |a Procesamiento de imágenes   |9 316062 
583 |a last modification  |c 20121004 18:42:00  |k Rodrigo Vera 
999 |c 349754  |d 349752 
952 |0 0  |1 0  |4 0  |6 621_367000000000000_JUL_2004  |7 0  |8 A  |9 452523  |a BIBART  |b BIBART  |d 2019-11-22  |i 4912888  |l 4  |m 1  |o 621.367 JUL 2004  |p 4912888  |r 2025-03-13  |s 2024-04-18  |w 2019-11-22  |y BK  |k ART